The minerals of Pennsylvania: Iron ores of Pennsylvania, (Record no. 27625)

MARC details
000 -LEADER
fixed length control field 00985cam a22002651 4500
001 - CONTROL NUMBER
control field gs 40000142
003 - CONTROL NUMBER IDENTIFIER
control field DLC
005 - DATE AND TIME OF LATEST TRANSACTION
control field 20260227111345.0
008 - FIXED-LENGTH DATA ELEMENTS--GENERAL INFORMATION
fixed length control field 780829s1939 paud b s000 0 eng c
010 ## - LIBRARY OF CONGRESS CONTROL NUMBER
LC control number gs 40000142
035 ## - SYSTEM CONTROL NUMBER
System control number (OCoLC)4175406
040 ## - CATALOGING SOURCE
Original cataloging agency U.S. Geol. Survey. Library
Transcribing agency PU
Modifying agency DLC
042 ## - AUTHENTICATION CODE
Authentication code premarc
050 00 - LIBRARY OF CONGRESS CALL NUMBER
Classification number TN24.P4
Item number A7
051 ## - LIBRARY OF CONGRESS COPY, ISSUE, OFFPRINT STATEMENT
Classification number TN403.P4
Item number H5
Copy information Copy 2.
100 1# - MAIN ENTRY--PERSONAL NAME
Personal name Hickok, William Orville,
Dates associated with a name 1905-
245 14 - TITLE STATEMENT
Title The minerals of Pennsylvania: Iron ores of Pennsylvania,
Statement of responsibility, etc. by William O. Hickok, IV.
260 ## - PUBLICATION, DISTRIBUTION, ETC.
Place of publication, distribution, etc. Harrisburg, Pa.,
Name of publisher, distributor, etc. Department of Internal Affairs, Topographic and Geologic Survey,
Date of publication, distribution, etc. 1939.
300 ## - PHYSICAL DESCRIPTION
Extent 21 p. incl. tables.
Dimensions 23 cm.
440 #0 - SERIES STATEMENT/ADDED ENTRY--TITLE
Title Bulletin M,
Volume/sequential designation 18-B
500 ## - GENERAL NOTE
General note At head of title: Pennsylvania Geological survey, Fourth series
500 ## - GENERAL NOTE
General note With Ashley, G. H. The undeveloped mineral resources of Pennsylvania. 1933. (Bulletin M18-A)
504 ## - BIBLIOGRAPHY, ETC. NOTE
Bibliography, etc. note Bibliographical footnotes.
650 #0 - SUBJECT ADDED ENTRY--TOPICAL TERM
Topical term or geographic name entry element Iron ores
Geographic subdivision Pennsylvania.

No items available.

Powered by Koha